000 01057nam a2200325Ia 4500
001 dia_5002
003 CHAP
005 20251021151649.0
008 220601s9999 xx 000 0 und d
020 _a84-234-2387-5
040 _cCHAP
082 _a658.827 A25 2006
100 _aAaker, David A.
_9123
245 _aLiderazgo de marca / David A. Aaker, Erich Joachimsthaler ; traducción Roberto M. Álvarez del Blanco
260 _aEspaña : Deusto
300 _a355 p.
440 _aLíderes del marketing
_9176192
500 _aTítulo original: Brand leadership
503 _aI. 253778 \ I. 253779
590 _aHD69.B7 A25 2006
650 _a1. Productos de marca - Administración
650 _aMercadotecnia
_9148164
650 _aBrands - Management
650 _aMarketing
_9148134
700 _aJoachimsthaler, Erich, coaut. \ Álvarez del Blanco, Roberto M., tr.Ì
_9176194
901 _a658.827 A25 2006
902 _aA
905 _a5222272006 sp aimn8222223322spa16
942 _cLIBRO
_2ddc
999 _c209568
_d209568